| 000 | 01579aam a2200373 i 4500 | ||
|---|---|---|---|
| 001 | 768714001 | ||
| 003 | CO-MdFUSB | ||
| 005 | 20240209143315.0 | ||
| 007 | ta | ||
| 008 | 231023t20002000spa||||g |||| 00| 0 spa d | ||
| 020 | _a847738956X | ||
| 040 |
_aCO-MdFUSB _bspa _cCO-MdFUSB _dCO-MdFUSBC _erda |
||
| 041 |
_aspa _heng |
||
| 082 |
_223 _a149.7 _bAL333 |
||
| 100 |
_aAlbert, Hans, _eautor |
||
| 240 | _aKritisher rationalismus | ||
| 245 | 1 |
_aRacionalismo crítico _b : cuatro capítulos para una sátira del pensamiento ilusorio _c/ Hans Albert ; traducido por Berta Pérez ; prologo Ángeles J. Perona |
|
| 264 |
_aMadrid, España : _bSíntesis, S.A, _c[2000] |
||
| 264 | _c©2000 | ||
| 300 |
_a238 páginas _c; 24 cm |
||
| 336 |
_2rdacontent _atexto _btxt |
||
| 337 |
_2rdamedia _asin mediación _bn |
||
| 338 |
_2rdacarrier _avolumen _bnc |
||
| 490 | _aColección perspectivas | ||
| 504 | _aIncluye índice | ||
| 505 | _aConocimiento, verdad y realidad. Para la crítica del pensamiento clásico y del pragmatismo -- Juicio de valor, derecho y orden social. Para la crítica del normativismo y de la pura jurisprudencia -- Sentido, comprensión e historia. Para la crítica de historicismo y la hermenéutica -- Saber, fe y certeza de salvación. Para la crítica de la religión y la concepción religiosa del mundo. | ||
| 563 | _aRústico. | ||
| 653 | _aRacionalismo | ||
| 700 |
_98808 _aAlbert, Hans, _eautor |
||
| 700 |
_98812 _aPérez, Berta, _etraductor |
||
| 700 |
_98811 _aPerona, Ángeles J. _eprologuista |
||
| 942 | _cBK | ||
| 945 | _asor1564 | ||
| 999 |
_c69199 _d69199 |
||